|
|
|
|
| LEADER |
00727nam a2200253 a 4500 |
| 001 |
adlib96000001 |
| 003 |
ViArRB |
| 005 |
20151026131909.0 |
| 008 |
960221s1955 dcuabcdjdbkoqu001 0deng d |
| 020 |
|
|
|a 0-471-34889-9
|
| 022 |
|
|
|
| 040 |
|
|
|a Adlib
|
| 082 |
|
|
|a 576.5
|
| 245 |
|
|
|a Culture of animal cells: a manual of basic technique
|
| 250 |
|
|
|a 4th ed.
|
| 260 |
|
|
|a New York
|b John Wiley
|c 2000
|
| 300 |
|
|
|a xxvi, 577p.
|
| 500 |
|
|
|a
|
| 100 |
|
|
|a Freshney, R.Ian
|
| 700 |
|
|
|
| 942 |
|
|
|c BK
|6 _
|
| 653 |
|
|
|a Tissue Culture
|a cell culture
|a Cloning and selection
|
| 999 |
|
|
|c 37573
|d 37573
|
| 952 |
|
|
|0 0
|1 0
|4 0
|6 5708683_FRE
|7 0
|9 49335
|a UL
|b UL
|d 2010-06-16
|l 11
|o 57.086.83 FRE
|p 00049079
|r 2014-12-29
|s 2014-12-18
|w 2010-06-16
|y BK
|